000 00677nam a2200277Ia 4500
005 20260324141815.0
008 008 260324s9999 xx 000 0 eng d
020 _a9780203749470
037 _aEBOOK
040 _aCRL
040 _beng
040 _cCRL
041 _2eng
041 _aeng
084 _qCRL
100 _aDavid A. Hansen; Robert B. Puyear
_91209588
245 0 _aMaterials Selection for Hydrocarbon and Chemical Plants
260 _bTaylor and Francis
260 _c1996
365 _a
365 _b435
856 _uhttp://www.taylorfrancis.com/books/9780203749470
942 _cEBOOK
999 _c1813057
_d1813057